| 000 | 00795nam a2200229Ia 4500 | ||
|---|---|---|---|
| 001 | 9616 | ||
| 003 | GE_BSU | ||
| 008 | 181216s||||||||xx |||||||||||||| ||und|| | ||
| 040 | _cGE_BSU | ||
| 080 | _a821.353.1-22 | ||
| 100 | _aმარუაშვილი,გივი | ||
| 245 | _aიმ დალოცვილ აჭიმეთში | ||
| 245 | _bსატირული კომედია | ||
| 245 | _cრედ:ნ.გურაბანიძე;მხატვ:თ.სამსონაძე | ||
| 260 | _aთბილისი. | ||
| 260 | _bხელოვნება | ||
| 260 | _c1969 | ||
| 300 | _a96გვ;16სმ. | ||
| 653 | _aიმ დალოცვილ აჭიმეთში | ||
| 653 | _aსატირული კომედია | ||
| 942 | _cBK | ||
| 999 |
_c42900 _d42900 |
||